Cucurbitales y campanulales / (Registro nro. 37057)
[ vista simple ]
| 000 -CABECERA | |
|---|---|
| Longitud fija campo de control | 01988cam a2200349 a 4500 |
| 003 - • IDENTIFICADOR DELl NÚMERO DE CONTROL | |
| Identificador del número de control | CO-ViMGA |
| 005 - • FECHA Y HORA DE LA ÚLTIMA TRANSACCIÓN | |
| Fecha y hora de la última transacción | 20230915233602.0 |
| 008 - • CÓDIGOS DE INFORMACIÓN DE LONGITUD FIJA | |
| Códigos de información de longitud fija | 951205s1985 sp af r 00010 spa d |
| 020 ## - • NÚMERO INTERNACIONAL NORMALIZADO PARA LIBROS | |
| Número Internacional Normalizado para Libros (ISBN) | 8472323854 (v.1) |
| 020 ## - • NÚMERO INTERNACIONAL NORMALIZADO PARA LIBROS | |
| Número Internacional Normalizado para Libros (ISBN) | 8472323862 (v.2) |
| 040 ## - FUENTE DE LA CATALOGACIÓN | |
| Centro catalogador de origen | CO-ViMGA |
| Lengua de catalogación | spa |
| Centro transcriptor | CO-ViMGA |
| 043 ## - CÓDIGO DE ÁREA GEOGRÁFICA | |
| Código de área geográfica | s-ck--- |
| 082 04 - • NÚMERO DE LA CLASIFICACIÓN DECIMAL DEWEY | |
| Número de clasificación (R) | 581.9861 |
| Número del ítem | R31c |
| Número de edición | 19 ed. |
| 110 2# - • PUNTO DE ACCESO PRINCIPAL-NOMBRE DE ENTIDAD CORPORATIVA | |
| Nombre de entidad corporativa o nombre de jurisdicción como elemento inicial | Real Expedición Botánica del Nuevo Reino de Granada, |
| 245 10 - • TITULO PROPIAMENTE DICHO | |
| Título | Cucurbitales y campanulales / |
| Mención de responsabilidad, etc. | Real Expedición Botánica del Nuevo Reino de Granada ; ilustran con 63 láminas en color y 28 monocromas Pedro de Almansa ... [et al.] ; determina l̤as láminas y redact e̤l texto Santiago Diaz Piedrahita. |
| 300 ## - • DESCRIPCIÓN FÍSICA | |
| Extensión | 2 v. : |
| Otras características físicas | il., lams. (col.) ; |
| Dimensiones | 54 cm. |
| 500 ## - • NOTA GENERAL | |
| Nota general | Publicada bajo los auspicios de los gobiernos de España y de Colombia y merced a la colaboración entre los Institutos de Cultura Hispánica de Madrid y Bogotá, Instituto de Cooperación Iberoamericana, Real Jardín Botanico de Madrid e Instituto de Ciencias Naturales-Museo de Historia Natural de la Universidad Nacional de Colombia. |
| 504 ## - • NOTA DE BIBLIOGRAFÍA, ETC | |
| Nota de bibliografía, etc. | Incluye bibliografa̕. |
| 505 0# - • NOTA DE CONTENIDO CON FORMATO | |
| Nota de contenido con formato | v.1 Familias : cucurbitaceae y campanulaceae (gňeros burmeistera y centropogon). -- v.2 Familias : campanulaceae (gňeros Diastatea, hippobroma, lobelia, lysipomia, siphocampylus y triodanis) y compositae (vernonieae). |
| 650 14 - • PUNTO DE ACCESO ADICIONAL DE MATERIA - TÉRMINO DE MATERIA | |
| Término de materia o nombre geográfico como elemento inicial | Botánica |
| Subdivisión geográfica | Colombia |
| Subdivisión de forma | Libros de láminas. |
| 650 14 - • PUNTO DE ACCESO ADICIONAL DE MATERIA - TÉRMINO DE MATERIA | |
| Término de materia o nombre geográfico como elemento inicial | Campanulaceas. |
| 650 14 - • PUNTO DE ACCESO ADICIONAL DE MATERIA - TÉRMINO DE MATERIA | |
| Término de materia o nombre geográfico como elemento inicial | Cucurbitaceae. |
| 650 #6 - • PUNTO DE ACCESO ADICIONAL DE MATERIA - TÉRMINO DE MATERIA | |
| Término de materia o nombre geográfico como elemento inicial | Expedición Botánica |
| Subdivisión de forma | Libros de láminas. |
| 700 1# - • PUNTO DE ACCESO ADICIONAL - NOMBRE DE PERSONA | |
| Nombre de persona | Almanza, Pedro Advincula de, |
| Término indicativo de función | il. |
| 700 1# - • PUNTO DE ACCESO ADICIONAL - NOMBRE DE PERSONA | |
| Nombre de persona | Da̕z Piedrahita, Santiago, |
| Fechas asociadas al nombre | 1944-2014. |
| 700 1# - • PUNTO DE ACCESO ADICIONAL - NOMBRE DE PERSONA | |
| Nombre de persona | Mutis, Jose Celestino, |
| Fechas asociadas al nombre | 1732-1808. |
| 710 2# - • PUNTO DE ACCESO ADICIONAL - NOMBRE DE ENTIDAD | |
| Nombre de entidad o nombre de jurisdicción como elemento inicial | Instituto Colombiano de Cultura Hispánica. |
| 710 2# - • PUNTO DE ACCESO ADICIONAL - NOMBRE DE ENTIDAD | |
| Nombre de entidad o nombre de jurisdicción como elemento inicial | Instituto de Cultura Hispánica |
| Sede del congreso | (Espaą) |
| 942 ## - ENTRADA DE ELEMENTOS AGREGADOS (KOHA) | |
| Fuente de clasificaión o esquema | Dewey Decimal Classification |
| Koha [por defecto] tipo de item | LIbro |
| Perdido | Fuente de clasificación o esquema | Estado Físico | Restricciones de uso | No para préstamo | Forma de adquisición | Localización permanente | Localización actual | Fecha adquisición | Serie de enumeración / cronolog&íacute;a | Préstamos totales | Signatura completa | Código de barras | Fecha última consulta | Fecha del precio de reemplazo | Tipo de item de Koha |
|---|---|---|---|---|---|---|---|---|---|---|---|---|---|---|---|
| Dewey Decimal Classification | Restricted Access | Sala General Segundo Piso | Biblioteca Pública Germán Arciniegas - Villavicencio | Biblioteca Pública Germán Arciniegas - Villavicencio | 09/13/2018 | parte 1 | 581.9861 R31c | 32414 | 09/13/2018 | 09/13/2018 | LIbro | ||||
| Dewey Decimal Classification | Sala General Segundo Piso | Biblioteca Pública Germán Arciniegas - Villavicencio | Biblioteca Pública Germán Arciniegas - Villavicencio | 09/13/2018 | parte 2 | 581.9861 R31c | 32413 | 09/13/2018 | 09/13/2018 | LIbro |